| 000 | 00960nam a2200265 i 4500 | ||
|---|---|---|---|
| 001 | 126088 | ||
| 003 | ES-MaACL | ||
| 005 | 20250904063058.0 | ||
| 007 | t| | ||
| 008 | 070214s1985 sp r ||||1| spa d | ||
| 100 | 1 |
_9242211 _aReinach, Salomon, _d1858-1932 _eaut |
|
| 110 | 1 |
_a _9242200 |
|
| 245 | 1 | 0 |
_aOrfeo _b: historia general de las religiones / _cSalomón Reinach ; [traducción de Domingo Vaca ; prólogo de J. M. Gómez Tabanera. |
| 260 |
_aMadrid : _bIstmo, _c1985. |
||
| 300 |
_a590 p. ; _c22 cm. |
||
| 490 | 1 |
_aTextos redivivos, libros perdurables ; _v1 |
|
| 500 | _aReprod. facs. de la ed. de: Madrid, Daniel Jorro, ed., 1910. | ||
| 650 | 0 | 4 |
_aReligiones- _xHistoria _916823 |
| 700 | 1 |
_aVaca, Domingo. _9112358 |
|
| 700 | 0 |
_aGómez-Tabanera, José Manuel, _d1926-2011 _958165 |
|
| 830 | 0 |
_aTextos redivivos, libros perdurables ; _v1 _9178499 |
|
| 852 |
_aES-MaACL _jL-9834 _bR.112033 |
||
| 942 | _2udc | ||
| 999 |
_c126088 _d126088 |
||